Giáo trình nguyên lý bảo hiểm
Sparad:
| Huvudupphovsman: | |
|---|---|
| Materialtyp: | Bok |
| Publicerad: |
Thống kê
2008
|
| Taggar: |
Lägg till en tagg
Inga taggar, Lägg till första taggen!
|
| Thư viện lưu trữ: | Mạng thư viện Đại học Đà Nẵng |
|---|
| LEADER | 00572nam a2200217 a 4500 | ||
|---|---|---|---|
| 001 | 000029808 | ||
| 003 | 32526 | ||
| 005 | 20171030145630.0 | ||
| 008 | 171030s2008 | ||
| 040 | |a LTT | ||
| 082 | 0 | |a 368 |b PH-C | |
| 100 | 1 | |a Phan, Thị Cúc, PGS.TS | |
| 245 | 0 | 0 | |a Giáo trình nguyên lý bảo hiểm |c Phan Thị Cúc chủ biên, Nguyễn Thị Kim Liên. |
| 260 | |b Thống kê |c 2008 | ||
| OWN | |a LTT | ||
| 999 | |a From the UDN01 | ||
| TYP | |a Monograph | ||
| TYP | |a Printed language | ||
| 980 | |a Mạng thư viện Đại học Đà Nẵng | ||